000 00642nam a22002177a 4500
999 _c131460
_d131460
005 20181116121042.0
010 _aB-159528,B-159538, B-159556
020 _c295.00
_a9788176501613
035 _aB-159528, B-159538,B-159556
037 _bCen Lib/Ret
082 _aN
_bJOS
100 _aJoshi, Himanshu
245 _aBlack water :
_cby Himanshu Joshi
_bnovel /
260 _aNew Delhi
_bStar publications
_c2005
270 _bNew Delhi
_a4/5 Asaf ali road
_e110002
300 _a174p.
_c20cm(pbk)
650 _aHindi literature
650 _aHindi fiction
942 _2ddc
_cEN
_hN
_mJOS